Costa Rica: una visión de largo plazo sobre la economía y la sociedad
Furkejuvvon:
| Searvvušdahkki: | |
|---|---|
| Materiálatiipa: | Texto |
| Almmustuhtton: |
San José:
Presidencia de la República
|
| Fáddágilkorat: |
Lasit fáddágilkoriid
Eai fáddágilkorat, Lasit vuosttaš fáddágilkora!
|
MARC
| LEADER | 00000 a a2200000 04500 | ||
|---|---|---|---|
| 001 | 22940 | ||
| 003 | |||
| 040 | |||
| 090 | |a 158500 | ||
| 110 | |a Costa Rica. Presidencia de la República. Oficina de Planificación Nacional y Política Económica | ||
| 245 | |a Costa Rica: una visión de largo plazo sobre la economía y la sociedad | ||
| 260 | |a San José: |b Presidencia de la República | ||
| 300 | |a 310 p. |b **no definido** | ||
| 999 | |c 10925 |d 10925 | ||
